Formes des pays commençant par I. - Statistiques

Statistiques générales
  • Ce quiz a été pris 780 fois
  • Le résultat moyen est 7 sur 8
Statistiques - réponses
Pays % Correct
Italie
100%
Indonésie
98%
Inde
97%
Islande
95%
Irlande
89%
Israel
82%
Irak
81%
Iran
81%
Aucun quiz correspondant
Distribution des résultats
% des personnes avec chaque résultat
Percentile par nombre de réponses
Votre historique - résultats
Vous n’avez pas pris ce quiz